| Tag |
First Indicator |
Second Indicator |
Subfields |
| LEADER |
00000cam a2200000 4500 |
| 001 |
in00000056946 |
| 005 |
20151008050927.0 |
| 008 |
760115s1954 enkf 00000 eng |
| 010 |
|
|
|a a 55004768
|
| 035 |
|
|
|a (OCoLC)01929316
|
| 035 |
|
|
|9 AAG4353AM
|
| 040 |
|
|
|a DLC
|c SQP
|d TXA
|d UtOrBLW
|
| 041 |
1 |
|
|a eng
|a ger
|
| 049 |
|
|
|a TXAM
|c [250591]
|
| 050 |
0 |
0 |
|a UF537.K7
|b K7
|
| 092 |
|
|
|a 338.473581
|b K63k
|
| 100 |
1 |
|
|a Klass, Gert von,
|d 1892-
|
| 245 |
1 |
0 |
|a Krupps ;
|b the story of an industrial empire /
|c Translated from the German by James Cleugh.
|
| 264 |
|
1 |
|a London :
|b Sidgwick and Jackson,
|c [1954]
|
| 300 |
|
|
|a 437 pages :
|b plates, portraits ;
|c 22 cm.
|
| 336 |
|
|
|a text
|b txt
|2 rdacontent
|
| 337 |
|
|
|a unmediated
|b n
|2 rdamedia
|
| 338 |
|
|
|a volume
|b nc
|2 rdacarrier
|
| 500 |
|
|
|a Translation of Die drei Ringe.
|
| 600 |
3 |
0 |
|a Krupp family.
|
| 610 |
2 |
0 |
|a Gussstahlfabrik Fried. Krupp (Essen)
|
| 650 |
|
0 |
|a Weapons industry
|z Germany.
|
| 999 |
|
|
|a MARS
|
| 999 |
f |
f |
|s d17d0f56-6afa-31cd-8088-b86fcf13c618
|i 5374ddc8-5410-36a5-949f-ef53193c708a
|t 0
|
| 952 |
f |
f |
|p ric
|a Texas A&M University
|b Rellis Campus
|c Joint Library Facility
|d Remote Storage
|t 0
|e UF537.K7 K7
|h Library of Congress classification
|i unmediated -- volume
|m A14800765160
|
| 998 |
f |
f |
|a UF537.K7 K7
|t 0
|l Remote Storage
|